Sketch casa : (Registro nro. 53463)

Detalles MARC
000 -LEADER
campo de control de longitud fija 01375cam a2200373 4500
003 - IDENTIFICADOR DE NÚMERO DE CONTROL
campo de control PE-LiUPU
005 - FECHA Y HORA DE LA ÚLTIMA TRANSACCIÓN
campo de control 20250731183432.0
008 - DATOS DE LONGITUD FIJA--INFORMACIÓN GENERAL
campo de control de longitud fija 221026b |||||||| |||| 00| 0 eng d
020 ## - NÚMERO INTERNACIONAL ESTÁNDAR DEL LIBRO
Número Internacional Estándar del Libro 8496429687
035 ## - NÚMERO DE CONTROL DEL SISTEMA
Número de control de sistema (Sirsi) i9788496429680
035 ## - NÚMERO DE CONTROL DEL SISTEMA
Número de control de sistema (Sirsi) 47105
035 ## - NÚMERO DE CONTROL DEL SISTEMA
Número de control de sistema (Sirsi) 47105
040 ## - FUENTE DE CATALOGACIÓN
Centro/agencia transcriptor PE-LiUPU
041 ## - CÓDIGO DE IDIOMA
Código de lengua del texto/banda sonora o título independiente es, po
044 ## - CÓDIGO DEL PAÍS DE LA ENTIDAD EDITORA/PRODUCTORA
Código MARC del país es
082 04 - NÚMERO DE LA CLASIFICACIÓN DECIMAL DEWEY
Número de clasificación 728.3
Cutter S7
245 ## - MENCIÓN DEL TÍTULO
Título Sketch casa :
Resto del título Esbozos en la arquitectura residencial.
246 ## - FORMA VARIANTE DEL TITULO
Título propio/Titulo breve Sketch casa :
Resto del título Esboços na arquitectura residencial.
264 #1 - PRODUCCIÓN, PUBLICACIÓN, DISTRIBUCIÓN, FABRICACIÓN Y COPYRIGHT
Producción, publicación, distribución, fabricación y copyright Barcelona :
Nombre del de productor, editor, distribuidor, fabricante Instituto Monsa,
Fecha de producción, publicación, distribución, fabricación o copyright 2006
300 ## - DESCRIPCIÓN FÍSICA
Extensión 191 páginas :
Otras características físicas ilustraciones planos, fotos ;
Dimensiones 24 cm
505 0# - NOTA DE CONTENIDO CON FORMATO
Nota de contenido con formato Casa vertical -- Villa l -- Casa Asencio -- Galería en Kiyosato -- Casa de recreo -- Casa Göppner -- Casa en Rue Galvani -- Casa Innauer -- Residencia Les Abouts -- Residencia Redelco -- Casa Schudel -- Casa en un viñedo -- Casa en Higashi-Ot
526 ## - NOTA DE INFORMACIÓN SOBRE EL PROGRAMA DE ESTUDIO
Nombre del programa Maestría Bim Facility Management (A distancia)
526 ## - NOTA DE INFORMACIÓN SOBRE EL PROGRAMA DE ESTUDIO
Nombre del programa
526 ## - NOTA DE INFORMACIÓN SOBRE EL PROGRAMA DE ESTUDIO
Nombre del programa Educación musical y artes
526 ## - NOTA DE INFORMACIÓN SOBRE EL PROGRAMA DE ESTUDIO
Nombre del programa Educación, especialidad educación física
526 ## - NOTA DE INFORMACIÓN SOBRE EL PROGRAMA DE ESTUDIO
Nombre del programa Arquitectura
650 14 - PUNTO DE ACCESO ADICIONAL DE MATERIA--TÉRMINO DE MATERIA
Término de materia o nombre geográfico como elemento de entrada Viviendas
Subdivisión cronológica Siglo XX
Subdivisión de forma Obras ilustradas
700 ## - ENTRADA AGREGADA--NOMBRE PERSONAL
Nombre de persona Bahamón, Alejandro.,
Término indicativo de función/relación editor.
9 (RLIN) 6188
700 ## - ENTRADA AGREGADA--NOMBRE PERSONAL
Nombre de persona Pérez Camisión, Victoria.,
Término indicativo de función/relación traductor.
9 (RLIN) 6189
942 ## - ELEMENTOS DE ENTRADA SECUNDARIOS (KOHA)
Fuente del sistema de clasificación o colocación Clasificación Decimal Dewey
Tipo de ítem Koha Libros físicos
980 ## - EQUIVALENCIA O REFERENCIA-CRUZADA-MENCIÓN DE SERIE--NOMBRE DE PERSONA/TÍTULO [LOCAL, CANADÁ]
ID del último usuario que modificó el registro 1
Nombre del último usuario que modificó el registro ALBERTO SANCHEZ Responsable de Automatización
Existencias
Visto por última vez Número de inventario Total de préstamos Signatura topográfica completa Código de barras Fecha del último préstamo Copia número Coste, precio de reemplazo Fecha de reemplazo Facultad Tipo de ítem Koha Nota pública Estado de pérdida Fuente del sistema de clasificación o colocación Restricciones de uso No para préstamo Colección Programa académico Biblioteca de origen Biblioteca actual Ubicación en estantería Fecha de adquisición Fuente de adquisición Coste, precio normal de compra
2025-12-03 7 6 728.3 S7 64759 2023-03-07 e1 97.00 2015-07-06 FIA Libros físicos inventario-2023-12-13 No Perdido Clasificación Decimal Dewey No restringido Disponible para préstamos Colección General Arquitectura Biblioteca CRAI UPeU Lima Biblioteca CRAI UPeU Lima Sala principal 2015-07-06 COMPRA 92.00